000 00523nam a2200229 a 4500
001 nice12345678
003 IN_TiNIC
005 20260116011822.0
008 050524s1932 egya grp 000 0 ara
020 _a
_c100
082 0 0 _a244
_bTAY
100 _aTaylor, Havard
245 _aQissa Sir Lulu
260 _aEgypt
_bNile Press
_c1932
300 _a193p
500 _aincludes index and biblioraphy
650 _aBible Stories
700 1 _aTaylor, Havard
902 _bRBA
942 _cBK
999 _c4185
_d4185